The New Testament documents. (Record no. 4960)

000 -LEADER
fixed length control field 00658nam a2200193 a 4500
001 - CONTROL NUMBER
control field :::00002701$&:&@@
003 - CONTROL NUMBER IDENTIFIER
control field OkBaRHE
005 - DATE AND TIME OF LATEST TRANSACTION
control field 20000607103256.0
008 - FIXED-LENGTH DATA ELEMENTS--GENERAL INFORMATION
fixed length control field s1943 j 000 0 eng u
040 ## - CATALOGING SOURCE
Transcribing agency
100 1# - MAIN ENTRY--PERSONAL NAME
Personal name Bruce, F. F.
245 14 - TITLE STATEMENT
Title The New Testament documents.
260 ## - PUBLICATION, DISTRIBUTION, ETC. (IMPRINT)
Place of publication, distribution, etc London, UK:EN.,
Name of publisher, distributor, etc Inter-Varsity Press
Date of publication, distribution, etc c1943
300 ## - PHYSICAL DESCRIPTION
Extent 120 p. ;
Dimensions 18 cm.
650 ## - SUBJECT ADDED ENTRY--TOPICAL TERM
Topical term or geographic name as entry element Bible New Testament
General subdivision Evidences, Authority, etc.
942 ## - ADDED ENTRY ELEMENTS (KOHA)
Source of classification or shelving scheme
Koha item type Books
Copies
Full call number Date last seen Damaged status Barcode Lost status Price effective from Source of classification or shelving scheme Date acquired Not for loan Copy number Shelving location Permanent Location Withdrawn status Koha item type
BS 2332 .B72018-03-16 2701 2010-04-14 2010-04-14 1General StacksRHEMA Bible Training College Books
BS 2332 .B72018-03-16 16680 2010-04-14 2010-04-14 2General StacksRHEMA Bible Training College Books